Statistiques concernant Top 10 des pays les plus visité par les francais

Cliquez ici pour prendre le quiz!

Statistiques générales

  • Ce quiz a été pris 543 fois
  • Le résultat moyen est 8 sur 10

Statistiques - réponses

ClassementDestinations% Correct
1Espagne
98%
4Italie
96%
8Etats-Unis
94%
3Allemagne
92%
5Belgique
85%
6Suisse
84%
10Maroc
82%
2Angleterre
72%
9Grèce
60%
7Andorre
29%

Distribution des résultats

Percentile par nombre de réponses

% des personnes avec chaque résultat

Votre développement - résultats

Vous n’avez pas pris ce quiz